[Event "Brno Veletrh"]
[Site "?"]
[Date "2024.09.03"]
[Round "4"]
[White "Pecenka, Petr"]
[Black "Poruban, Tomas"]
[Result "1-0"]
[WhiteElo "1495"]
[BlackElo "1558"]
[Annotator "Kalendovský,Jan"]
[PlyCount "153"]
[EventDate "2024.09.??"]

1. d4 d5 2. c4 Nf6 3. Nf3 Bg4 4. e3 c6 5. Nbd2 e6 6. a3 Qa5 7. Bd3 dxc4 8. Bxc4
Bb4 9. O-O Bxd2 10. Bxd2 Qf5 11. Be2 O-O 12. h3 Bxf3 13. Bxf3 Ne4 14. Rc1 Nd7
15. Qc2 Nxd2 16. Qxd2 Nb6 17. Rc5 Qf6 18. Be4 Rad8 19. Bc2 Qe7 20. Qd3 g6 21.
f4 Qxc5 22. dxc5 Rxd3 23. Bxd3 Na4 24. b4 Nc3 25. Rc1 Nd5 26. Kf2 Rd8 27. Bc4
Ne7 28. Kf3 Rd2 29. g4 Nd5 30. e4 {(R)} Nf6 31. f5 exf5 32. gxf5 Rd4 33. fxg6
hxg6 34. e5 Nd5 35. Bxd5 Rxd5 36. Ke4 Kf8 37. Rf1 Ke7 38. Rf3 Rd8 39. h4 Rh8
40. Rf4 Rh5 41. Kd4 g5 42. hxg5 Rxg5 43. Ke4 Rg3 44. Rf3 {(R)} Rg1 45. Re3 Ke6
46. Kf4 Rf1+ 47. Ke4 Rf5 48. Kd4 Rf4+ 49. Kc3 Kd5 50. Rd3+ Kxe5 51. Rd7 Rf3+
52. Kb2 b5 53. Rxa7 Rf6 54. Rc7 Kd4 55. Rd7+ Kc4 56. Rd2 Re6 57. Rf2 f6 58. Kc2
Kd5 59. Kd3 Ke5 60. Re2+ Kf5 61. Rxe6 Kxe6 62. Ke4 f5+ 63. Kf4 Kf6 64. Kf3 Ke5
65. Ke3 f4+ 66. Kf3 Kf5 67. Kf2 Ke4 68. a4 bxa4 69. b5 cxb5 70. c6 Kd4 71. c7
a3 72. c8=Q a2 73. Qa6 Kc4 74. Qxa2+ Kc3 75. Kf3 b4 76. Kxf4 b3 77. Qa5+ {a
bílý vyhrál. Závěr nejasný, oba hráči vynechali nějaké tahy. JK} 1-0

[Event "Brno Veletrh"]
[Site "?"]
[Date "2024.09.03"]
[Round "4"]
[White "Cagan, Michal"]
[Black "Kavanova, Anezka"]
[Result "0-1"]
[WhiteElo "1504"]
[BlackElo "1726"]
[Annotator "Kalendovský,Jan"]
[PlyCount "59"]
[EventDate "2024.09.??"]

1. e4 c5 2. Nf3 d6 3. d4 cxd4 4. Nxd4 Nf6 5. Nc3 g6 6. Be3 Bg7 7. Qd2 Ng4 8.
Bb5+ Bd7 9. Bxd7+ Qxd7 10. h3 Nxe3 11. Qxe3 O-O 12. O-O-O Nc6 13. Nde2 Rac8 14.
f4 Na5 15. e5 Nc4 16. Qf2 b5 17. Ne4 Qc6 18. N2g3 dxe5 19. f5 Nd6 20. Rd2 Bh6
21. Kb1 Nxf5 22. Nxf5 gxf5 23. Qxf5 Bxd2 24. Nxd2 Qg6 25. Qxg6+ hxg6 26. g4
Rfd8 27. Ne4 Rd5 28. Ng5 Rd7 29. Rc1 Rdc7 30. Nf3 {a černý dal mat v 37.
tahu. Zápis Cagáně v závěru zmatený, zápis Kavanové nedodán. Pozn. JK.
} 0-1

[Event "Brno Veletrh"]
[Site "?"]
[Date "2024.09.03"]
[Round "4"]
[White "Svoboda, Jakub"]
[Black "Hradek, Martin"]
[Result "1-0"]
[WhiteElo "1550"]
[BlackElo "1429"]
[PlyCount "59"]
[EventDate "2024.09.??"]

1. Nf3 g5 2. d4 Bg7 3. e3 g4 4. Nfd2 Nf6 5. c4 d5 6. Nc3 Nc6 7. cxd5 Nxd5 8.
Bc4 Be6 9. O-O Nxc3 10. bxc3 Bxc4 11. Nxc4 Qd7 12. Rb1 O-O-O 13. Qb3 b6 14. a4
h5 15. e4 h4 16. Bf4 h3 17. g3 Nxd4 18. cxd4 Qxd4 19. Rfe1 e5 20. Rbd1 Qc5 21.
Be3 Qe7 22. Qc2 Qf6 23. Qe2 Rxd1 24. Rxd1 Qf3 25. Qxf3 gxf3 26. Nd2 Rd8 27. Rc1
c5 28. Nxf3 c4 29. Rxc4+ Kb7 30. Rc1 1-0

[Event "Brno Veletrh"]
[Site "?"]
[Date "2024.09.04"]
[Round "5"]
[White "Vyskocil, Neklan"]
[Black "Hajek, Oskar"]
[Result "1/2-1/2"]
[WhiteElo "2289"]
[BlackElo "2281"]
[PlyCount "33"]
[GameId "2086178033922108"]
[EventDate "2024.09.??"]

1. e4 e5 2. Nf3 Nf6 3. Nc3 Nc6 4. d4 exd4 5. Nd5 Be7 6. Bc4 O-O 7. O-O d6 8. Nxd4 Nxd5 9. Bxd5 Nxd4 10. Qxd4 c6 {(R)} 11. Bb3 Be6 12. c3 Qb6 13. Qxb6 axb6 14. Bf4 Rfd8 15. Rfd1 Kf8 16. Kf1 Ke8 17. Ke2 {(R)} 1/2-1/2

[Event "Brno Veletrh"]
[Site "?"]
[Date "2024.09.04"]
[Round "5"]
[White "Novotny, David"]
[Black "Marsa, Alexandr"]
[Result "0-1"]
[WhiteElo "1967"]
[BlackElo "1971"]
[PlyCount "66"]
[EventDate "2024.09.??"]

1. e4 e6 2. d4 d5 3. Nc3 Bb4 4. e5 c5 5. a3 Bxc3+ 6. bxc3 Ne7 7. h4 Qc7 8. h5
h6 9. Rb1 b6 10. Bb5+ Bd7 11. Bd3 Nbc6 12. Qg4 c4 13. Bf1 Nf5 14. Nf3 O-O-O 15.
Nh4 Nce7 16. Qf3 Ba4 17. Kd1 Nxh4 18. Rxh4 Nf5 19. Rf4 g5 20. hxg6 fxg6 21. Rb4
Bc6 22. Qg4 Rdg8 23. Rf3 Kb7 24. Qh3 g5 25. g4 h5 26. gxf5 {(R)} g4 27. Qh1
gxf3 28. f6 a5 29. Rb1 Qh7 30. Bh3 Qe4 31. Be3 Ba4 32. Rc1 Qd3+ 33. Bd2 Qe2#
0-1

[Event "Brno Veletrh"]
[Site "?"]
[Date "2024.09.04"]
[Round "5"]
[White "Luc, Martin"]
[Black "Kladnak, Martin"]
[Result "1/2-1/2"]
[WhiteElo "1822"]
[BlackElo "2054"]
[PlyCount "46"]
[EventDate "2024.09.??"]

1. e4 e5 2. Nf3 Nc6 3. Nc3 Nf6 4. d4 exd4 5. Nd5 Nxd5 6. exd5 Bb4+ 7. Bd2 Qe7+
8. Be2 Ne5 9. O-O O-O 10. Nxd4 Bxd2 11. Qxd2 c5 12. Nf3 {(R)} d6 13. Rae1 Nxf3+
14. Bxf3 Qf6 15. c3 Bd7 16. Re3 Rfe8 17. Rfe1 Kf8 18. Qd3 Rxe3 19. Rxe3 {(R)}
g6 20. h3 h5 21. Be4 Kg7 22. Rf3 Qe5 23. Re3 Qf6 1/2-1/2

[Event "Brno Veletrh"]
[Site "?"]
[Date "2024.09.04"]
[Round "5"]
[White "Rehurek, Karel"]
[Black "Setina, Vaclav"]
[Result "0-1"]
[WhiteElo "1851"]
[BlackElo "2021"]
[PlyCount "106"]
[EventDate "2024.09.??"]

1. e4 c5 2. Nc3 Nc6 3. g3 g6 4. Bg2 Bg7 5. d3 d6 6. Be3 e6 7. Nf3 Nge7 8. O-O
Rb8 9. Rb1 b5 10. Ne2 O-O 11. d4 d5 12. dxc5 dxe4 13. Qxd8 Rxd8 14. Ng5 f5 15.
b4 Nd5 16. Rfd1 Bf6 17. Nh3 Ncxb4 18. Bd4 Bxd4 19. Nxd4 e5 20. Nxb5 Bd7 21. c4
a5 22. cxd5 Bxb5 23. c6 Nxd5 24. Rbc1 Rbc8 25. Bf1 Bxf1 26. Kxf1 Kf7 27. Ng5+
Ke7 28. Nxh7 Nb4 29. Rxd8 Kxd8 30. Nf8 Nxc6 31. Nxg6 Kd7 32. Ke2 Nd4+ 33. Kd1
Rd8 34. Nh4 Ke6 35. Ke1 Rb8 36. Ng2 Nf3+ 37. Kf1 Nxh2+ 38. Kg1 Nf3+ 39. Kf1 Rh8
40. Rc6+ Kd7 41. Ra6 Rh1+ 42. Ke2 Nd4+ 43. Kd2 Rh2 44. Ne3 Rxf2+ 45. Kd1 Rxa2
46. Nc4 Ra1+ 47. Kd2 Ra2+ 48. Kd1 Nc6 49. Ke1 Rg2 50. Ne3 Rxg3 51. Nxf5 Rf3 52.
Nh4 Rf8 53. Ng2 Kc7 0-1

[Event "Brno Veletrh"]
[Site "?"]
[Date "2024.09.04"]
[Round "5"]
[White "Grausgruber, Jiri"]
[Black "Pavlik, Vladimir"]
[Result "0-1"]
[WhiteElo "1765"]
[BlackElo "1975"]
[PlyCount "34"]
[EventDate "2024.09.??"]

1. Nf3 Nf6 2. c4 e6 3. Nc3 d5 4. e3 c5 5. b3 d4 6. exd4 cxd4 7. Nb5 Nc6 8. Bb2
e5 9. Qe2 Bc5 10. Nfxd4 Bxd4 11. Nxd4 Nxd4 12. Qxe5+ Ne6 13. O-O-O O-O 14. h4
Qc7 15. Qc3 Ne4 16. Qf3 Qf4 17. Rh3 Nxf2 0-1

[Event "Brno Veletrh"]
[Site "?"]
[Date "2024.09.04"]
[Round "5"]
[White "Neduchal, Jiri"]
[Black "Sknouril, Jakub"]
[Result "1-0"]
[WhiteElo "1866"]
[BlackElo "1771"]
[PlyCount "159"]
[EventDate "2024.09.??"]

1. Nf3 Nf6 2. d4 c5 3. c3 cxd4 4. cxd4 d5 5. e3 a6 6. Bd3 Bg4 7. O-O Nc6 8.
Nbd2 e6 9. b3 Bd6 10. h3 Bh5 11. Bb2 Bg6 12. Bxg6 hxg6 13. Ne5 Bxe5 14. dxe5
Nd7 15. f4 Qb6 16. Qe2 O-O-O 17. Nf3 Nc5 18. Rfc1 Kb8 19. Nd4 Ne4 20. Nxc6+
bxc6 21. b4 Ng3 22. Qd2 Nf5 23. Bd4 Nxd4 24. exd4 Rh4 25. Rc5 Rc8 26. Rac1 Rhh8
27. a4 Rc7 28. Qc3 Rhc8 29. Kf2 Kb7 30. Kf3 Kb8 31. Kg4 Kb7 32. h4 Kb8 33. h5
gxh5+ 34. Kxh5 Kb7 35. Kg5 Rh8 36. Kg4 f5+ 37. exf6 gxf6 38. a5 Rg7+ 39. Kf3
Qc7 40. Rxc6 Qf7 41. Kf2 Qg8 42. Rc7+ Kb8 43. Rxg7 Qxg7 44. Qc6 Qh7 45. Qd6+
Kb7 46. Qc6+ Ka7 47. Qb6+ Ka8 48. Qxa6+ Kb8 49. Qd6+ Kb7 50. a6+ Ka8 51. Qc6+
Kb8 52. Qb7+ Qxb7 53. axb7 Kxb7 54. Re1 Re8 55. g4 Kc7 56. f5 e5 57. dxe5 fxe5
58. Ke3 Kd6 59. b5 Ra8 60. g5 Ra3+ 61. Kf2 e4 62. f6 Rf3+ 63. Kg2 Rf5 64. b6
Rxg5+ 65. Kh3 Kc6 66. Rf1 Rg8 67. f7 Rf8 68. Rf6+ Kd7 69. Kg4 Ke7 70. Rf4 e3
71. Kf3 d4 72. b7 d3 73. Kxe3 d2 74. Kxd2 Rd8+ 75. Ke3 Kf8 76. Rb4 Rb8 77. Kd4
Ke7 78. Kc5 Rh8 79. b8=Q Rh5+ 80. Kc4 1-0

[Event "Brno Veletrh"]
[Site "?"]
[Date "2024.09.04"]
[Round "5"]
[White "Pribyl, Rene"]
[Black "Prihoda, Josef"]
[Result "1/2-1/2"]
[WhiteElo "1944"]
[BlackElo "1624"]
[PlyCount "41"]
[EventDate "2024.09.??"]

1. d4 Nf6 2. c4 e6 3. Nc3 Bb4 4. Bd2 d5 5. e3 O-O 6. a3 Bxc3 7. Bxc3 Ne4 8. Qc2
c5 9. dxc5 Nxc5 10. Rd1 b6 11. cxd5 exd5 12. g3 Ne4 13. Bd3 Bf5 14. Bd4 Qc8 15.
Qb3 Be6 16. Ne2 Nc6 17. O-O Ng5 18. Rc1 Nf3+ 19. Kh1 Nd2 20. Qc2 Nxf1 21. Bxh7+
1/2-1/2

[Event "Brno Veletrh"]
[Site "?"]
[Date "2024.09.04"]
[Round "5"]
[White "Vacekova, Anita"]
[Black "Svobodova, Michaela"]
[Result "0-1"]
[WhiteElo "1747"]
[BlackElo "1928"]
[PlyCount "52"]
[EventDate "2024.09.??"]

1. e4 e5 2. Nf3 Nf6 3. Nxe5 d6 4. Nc4 Nxe4 5. Qe2 Qe7 6. Ne3 c6 7. Nc3 Nxc3 8.
bxc3 d5 9. g3 Be6 10. Bg2 Qf6 11. Rb1 Qe7 12. O-O g6 13. Re1 Bg7 14. Nxd5 cxd5
15. Bxd5 Nc6 16. Qc4 Ne5 17. Qb5+ Qd7 18. Qxd7+ Nxd7 19. Rxb7 O-O-O 20. Bg2
Rhe8 21. Rxa7 Bxa2 22. Rxe8 Rxe8 23. Ra8+ Nb8 24. Ba3 Re1+ 25. Bf1 Be6 26. Bb2
Rb1 0-1

[Event "Brno Veletrh"]
[Site "?"]
[Date "2024.09.04"]
[Round "5"]
[White "Krystl, Jaromir"]
[Black "Kotisa, Jan"]
[Result "1-0"]
[WhiteElo "1799"]
[BlackElo "1688"]
[PlyCount "71"]
[EventDate "2024.09.??"]

1. e4 e5 2. d4 d6 3. dxe5 dxe5 4. Qxd8+ Kxd8 5. Bc4 f6 6. Ne2 Bc5 7. Nbc3 Nc6
8. Na4 Bb6 9. Bd2 Ke7 10. Nec3 Be6 11. Nd5+ Bxd5 12. Bxd5 Rd8 13. Bxc6 bxc6 14.
Bb4+ Kf7 15. O-O Ne7 16. Rad1 Ng6 17. g3 Rd4 18. Rxd4 exd4 19. Nc5 a5 20. Ba3
Ne5 21. b3 Bxc5 22. Bxc5 Rd8 23. f4 Ng4 24. Rd1 Ne3 25. Rd2 f5 26. exf5 Rd5 27.
Bxd4 Nxf5 28. Bc3 Rxd2 29. Bxd2 Nd4 30. Bxa5 Nxc2 31. Bxc7 Ke6 32. Be5 g6 33.
Kf2 Nb4 34. a4 Nd3+ 35. Ke3 Nc5 36. a5 1-0

[Event "Brno Veletrh"]
[Site "?"]
[Date "2024.09.04"]
[Round "5"]
[White "Kubatova, Ema"]
[Black "Kubatova, Beta"]
[Result "0-1"]
[WhiteElo "1650"]
[BlackElo "1775"]
[PlyCount "118"]
[EventDate "2024.09.??"]

1. d4 Nf6 2. c4 e6 3. Nc3 Bb4 4. Bg5 O-O 5. Nf3 b6 6. e3 Bb7 7. Bd3 d6 8. O-O
Bxc3 9. bxc3 Nbd7 10. Qe2 c5 11. e4 e5 12. d5 h6 13. Bxf6 Nxf6 14. Bc2 Bc8 15.
Ne1 Qe7 16. Rb1 Rb8 17. Ba4 a6 18. Bc2 b5 19. a3 Bd7 20. cxb5 axb5 21. Nd3 Ra8
22. Ra1 Rfb8 23. h3 Ra7 24. Nb2 Rba8 25. Rfb1 Rxa3 26. Rxa3 Rxa3 27. Nd1 Ra2
28. Rb2 Rxb2 29. Nxb2 Qd8 30. f3 Qa5 31. Qd2 Qa1+ 32. Nd1 Qa3 33. Bb1 b4 34.
cxb4 cxb4 35. Qb2 Qa7+ 36. Kh2 Qc5 37. Bc2 Bb5 38. Bb3 Nd7 39. Qd2 Nb6 40. Nb2
Nc4 41. Nxc4 Bxc4 42. Bxc4 Qxc4 43. Qf2 Qd4 44. Qa2 Qc5 45. Qa4 Kh7 46. Qd7 b3
47. Qb7 Qc3 48. Qc6 Qb4 49. Qd7 Qb8 50. Qxf7 b2 51. Qf5+ Kh8 52. f4 b1=Q 53.
fxe5 dxe5 54. d6 Qd3 55. d7 Qdd6 56. Qf7 Qdf8 57. Qe6 Qf4+ 58. g3 Qf2+ 59. Kh1
Qb1# 0-1

[Event "Brno Veletrh"]
[Site "?"]
[Date "2024.09.04"]
[Round "5"]
[White "Pesa, Marek"]
[Black "Wunsch, Radek"]
[Result "0-1"]
[WhiteElo "1738"]
[BlackElo "1956"]
[PlyCount "53"]
[GameId "2085998112911461"]
[EventDate "2024.09.??"]

1. e4 Nc6 2. Nf3 e5 3. c3 Nf6 4. d4 Nxe4 5. d5 Ne7 6. Nxe5 Ng6 7. Bd3 Nxe5 8. Bxe4 Bc5 9. O-O d6 10. Nd2 O-O 11. Qc2 f5 12. Bd3 Qh4 13. b4 Bb6 14. c4 Bd4 15. Rb1 Bd7 16. a4 {(R)} Bxa4 17. Qxa4 Nxd3 18. Nf3 Bxf2+ 19. Kh1 Qxc4 20. Bg5 Bb6 21. Qd7 Qxd5 22. Be7 Rfe8 23. Ng5 Nf2+ 24. Kg1 Nh3+ 25. Kh1 Nxg5 26. Rxf5 Qe6 27. h4 0-1

[Event "Brno Veletrh"]
[Site "?"]
[Date "2024.09.04"]
[Round "5"]
[White "Pokorny, Petr"]
[Black "Bata, Jiri"]
[Result "1-0"]
[WhiteElo "2140"]
[BlackElo "1658"]
[PlyCount "59"]
[EventDate "2024.09.??"]

1. d4 d5 2. c4 c6 3. Nf3 Nf6 4. Nc3 g6 5. cxd5 Nxd5 6. e4 Nxc3 7. bxc3 Bg7 8.
Bc4 O-O 9. h3 Qc7 10. O-O c5 11. Qe2 a6 12. a4 Nc6 13. Be3 cxd4 14. cxd4 Qd8
15. Rfd1 e6 16. Rab1 Na5 17. Ba2 Bd7 18. d5 Bxa4 19. Bb6 Qe8 20. Bxa5 Bxd1 21.
Rxd1 Qb5 22. Qd2 Rac8 23. dxe6 b6 24. exf7+ Kh8 25. Bb4 Qa4 26. Bxf8 Rxf8 27.
e5 b5 28. e6 b4 29. e7 Rb8 30. Qd8+ 1-0

[Event "Brno Veletrh"]
[Site "?"]
[Date "2024.09.04"]
[Round "5"]
[White "Levchenko, Alisa"]
[Black "Kuchar, Matej"]
[Result "0-1"]
[WhiteElo "1638"]
[BlackElo "2048"]
[PlyCount "74"]
[EventDate "2024.09.??"]

1. d4 Nf6 2. c4 c5 3. d5 b5 4. cxb5 a6 5. e3 g6 6. Nc3 Bg7 7. e4 d6 8. f3 O-O
9. Bc4 Nbd7 10. Nge2 Nb6 11. Qd3 Nfd7 12. b3 Ne5 13. Qc2 Nbxc4 14. bxc4 Nxc4
15. bxa6 Bxa6 16. O-O Qa5 17. Re1 Bd4+ 18. Nxd4 cxd4 19. Bh6 dxc3 20. Bxf8 Na3
21. Qc1 Rxf8 22. Re3 Rc8 23. Kh1 Qc5 24. h3 Nc2 25. Qxc2 Qxe3 26. Rc1 Bd3 27.
Qd1 c2 28. Qe1 Qxe1+ 29. Rxe1 c1=Q 30. Rxc1 Rxc1+ 31. Kh2 Rc2 32. a4 Bf1 33.
Kg3 Rxg2+ 34. Kf4 Ra2 35. h4 f6 36. h5 g5+ 37. Kf5 Bh3# 0-1

[Event "Brno Veletrh"]
[Site "?"]
[Date "2024.09.04"]
[Round "5"]
[White "Lisik, Miroslav"]
[Black "Nisztuk, Michal"]
[Result "1-0"]
[WhiteElo "1855"]
[BlackElo "1637"]
[PlyCount "45"]
[EventDate "2024.09.??"]

1. e4 e5 2. Nf3 Nc6 3. Bb5 Nf6 4. d4 Nxe4 5. dxe5 Be7 6. O-O O-O 7. Nbd2 Nc5 8.
Nb3 Ne6 9. c3 a6 10. Bd3 b5 11. Nbd4 Ncxd4 12. Nxd4 g6 13. Qg4 Nc5 14. Bc2 d6
15. Qg3 dxe5 16. Nc6 Qd6 17. Nxe5 Bb7 18. Bf4 Qe6 19. Rfe1 Rfe8 20. Nxg6 Qxe1+
21. Rxe1 hxg6 22. h4 Ne6 23. Rxe6 1-0

[Event "Brno Veletrh"]
[Site "?"]
[Date "2024.09.04"]
[Round "5"]
[White "Mikolas, Jakub"]
[Black "Krasovskyi, Stanislav"]
[Result "0-1"]
[WhiteElo "1766"]
[BlackElo "1544"]
[PlyCount "86"]
[EventDate "2024.09.??"]

1. d4 d5 2. c4 c6 3. Nf3 Nf6 4. e3 Bg4 5. h3 Bh5 6. Nc3 e6 7. Bd3 Bb4 8. Bd2 c5
9. a3 cxd4 10. axb4 dxc3 11. bxc3 dxc4 12. Bxc4 Ne4 13. Be2 Nc6 14. O-O Bxf3
15. gxf3 Nxd2 16. Re1 Qg5+ 17. Kh1 Rd8 18. Qc2 Qh5 19. Kg2 Rd5 20. f4 Qg6+ 21.
Qxg6 hxg6 22. f3 g5 23. Ra2 gxf4 24. exf4 b5 25. Bxb5 Rxb5 26. Rxd2 Ke7 27. Ra2
Rh6 28. Ra6 Kd7 29. Rb1 Rb6 30. b5 Rxa6 31. bxa6 Nd8 32. Rb8 e5 33. fxe5 Rxa6
34. Rb3 Ra5 35. f4 Ra4 36. Kf3 Kc7 37. Kg4 Ne6 38. Rb4 Rxb4 39. cxb4 Kc6 40. f5
Nf8 41. Kg5 Kd5 42. f6 Ne6+ 43. Kf5 g6+ 0-1

[Event "Brno Veletrh"]
[Site "?"]
[Date "2024.09.04"]
[Round "5"]
[White "Kanovsky, Vladimir"]
[Black "Svagr, Daniel"]
[Result "1/2-1/2"]
[WhiteElo "1578"]
[BlackElo "1752"]
[PlyCount "40"]
[EventDate "2024.09.??"]

1. e4 c5 2. Nc3 Nc6 3. Nf3 e6 4. Bc4 Nf6 5. O-O d5 6. exd5 exd5 7. Bb5 Bd7 8.
d4 a6 9. Re1+ Be6 10. Bxc6+ bxc6 11. Ng5 Qd7 12. dxc5 Bxc5 13. Qe2 Kf8 14. Bd2
Re8 15. Qxa6 Ng4 16. Re2 Bf5 17. Rae1 Bxf2+ 18. Rxf2 Nxf2 19. Kxf2 Rxe1 20.
Bxe1 Bxc2 1/2-1/2

[Event "Brno Veletrh"]
[Site "?"]
[Date "2024.09.04"]
[Round "5"]
[White "Slegl, Milan"]
[Black "Pecenka, Petr"]
[Result "1-0"]
[WhiteElo "1699"]
[BlackElo "1495"]
[PlyCount "113"]
[EventDate "2024.09.??"]

1. d4 f5 2. Nf3 g6 3. Bg5 Bg7 4. c3 Nf6 5. Bxf6 Bxf6 6. Nbd2 O-O 7. e4 fxe4 8.
Nxe4 Bg7 9. h4 d5 10. Ng3 Qe8 11. h5 c6 12. hxg6 Qxg6 13. Bd3 Qe6+ 14. Qe2
Qxe2+ 15. Kxe2 h6 16. Rae1 Bg4 17. Rh4 Bxf3+ 18. gxf3 Nd7 19. Nf5 Rxf5 20. Bxf5
Nf6 21. Rg1 h5 22. Be6+ Kh7 23. Rh3 Rf8 24. Bf5+ Kg8 25. Bg6 e5 26. Bxh5 Nxh5
27. Rxh5 exd4 28. cxd4 Re8+ 29. Re5 Rf8 30. Re7 Rf7 31. Rxf7 Kxf7 32. Kd3 Bf6
33. Rg4 Ke6 34. Rg8 Bh4 35. Re8+ Kd6 36. Re2 Bg5 37. b4 Kc7 38. Re5 Bh4 39. Ke3
Bf6 40. Rf5 Be7 41. a3 Kb6 42. f4 Kb5 43. Rf7 Bd8 44. Rxb7+ Bb6 45. f5 Ka4 46.
Rxb6 axb6 47. f6 Kxa3 48. f7 Kxb4 49. f8=Q+ Kc4 50. Qa8 c5 51. Qa2+ Kc3 52.
Qxd5 c4 53. Qb5 Kc2 54. Qxc4+ Kb2 55. d5 b5 56. Qxb5+ Kc3 57. d6 1-0

[Event "Brno Veletrh"]
[Site "?"]
[Date "2024.09.04"]
[Round "5"]
[White "Klinkovsky, Vojtech"]
[Black "Klimus, Radek"]
[Result "1-0"]
[WhiteElo "1699"]
[BlackElo "1472"]
[PlyCount "55"]
[EventDate "2024.09.??"]

1. e4 c5 2. d4 cxd4 3. c3 g6 4. Nf3 Bg7 5. Bc4 a6 6. O-O d6 7. cxd4 e6 8. Nc3
Ne7 9. Bg5 O-O 10. Re1 b5 11. Bb3 Bb7 12. Qe2 Qd7 13. Rad1 Nbc6 14. a3 Rfe8 15.
Bc2 Qc7 16. d5 Na7 17. dxe6 fxe6 18. Bb3 Nec6 19. Bf4 Rad8 20. Ng5 Bc8 21. Qg4
Kh8 22. Bxd6 Rxd6 23. Rxd6 h6 24. Rxe6 Bxe6 25. Nxe6 Qc8 26. Qxg6 Qd7 27. Rd1
Qe7 28. Nxg7 1-0

[Event "Brno Veletrh"]
[Site "?"]
[Date "2024.09.04"]
[Round "5"]
[White "Kavanova, Anezka"]
[Black "Svabova, Klara"]
[Result "0-1"]
[WhiteElo "1726"]
[BlackElo "1220"]
[PlyCount "109"]
[EventDate "2024.09.??"]

1. e4 e5 2. Nf3 Nc6 3. Bb5 Nf6 4. O-O d6 5. d4 Bd7 6. Re1 Nxd4 7. Nxd4 exd4 8.
Bxd7+ Qxd7 9. Qxd4 Be7 10. Nc3 O-O 11. b3 Rfe8 12. Bb2 c6 13. Rad1 Qe6 14. e5
Bd8 15. Qxd6 Qxd6 16. exd6 Bb6 17. Na4 Rad8 18. Nxb6 axb6 19. Be5 Ng4 20. Bg3
Nf6 21. Be5 Ng4 22. Bf4 Nf6 23. Rxe8+ Rxe8 24. Bg5 Nd7 25. Be7 f6 26. f4 Kf7
27. b4 b5 28. Rd3 Ra8 29. Re3 Re8 30. Ra3 Rb8 31. Rd3 Ra8 32. Re3 Re8 33. Ra3
Rb8 34. Kf2 Ke6 35. g4 Kd5 36. Rd3+ Kc4 37. a3 Rc8 38. g5 b6 39. Ke2 f5 40. Rh3
Rh8 41. Kd2 c5 42. Rc3+ Kd4 43. bxc5 bxc5 44. Re3 Kd5 45. Re5+ Nxe5 46. fxe5
Ke6 47. c4 Rb8 48. cxb5 Rxb5 49. Bf8 g6 50. Kc3 c4 51. a4 Rxe5 52. Kb4 f4 53.
a5 f3 54. d7 Kxd7 55. Bc5 0-1

[Event "Brno Veletrh"]
[Site "?"]
[Date "2024.09.04"]
[Round "5"]
[White "Berdnikov, Tsyren"]
[Black "Hlinka, Vit"]
[Result "1-0"]
[WhiteElo "1422"]
[BlackElo "1101"]
[PlyCount "67"]
[EventDate "2024.09.??"]

1. e4 d6 2. d4 Nf6 3. Nc3 g6 4. Nf3 Bg7 5. Be3 O-O 6. Qd2 Ng4 7. Bf4 e5 8. Bg5
f6 9. Bc4+ Kh8 10. Bh4 exd4 11. Nxd4 Bh6 12. Qd3 Ne5 13. Qe2 Nxc4 14. Qxc4 Re8
15. O-O Bd2 16. Nd5 g5 17. Bxg5 Bxg5 18. Nxc7 Rxe4 19. Qd3 Rxd4 20. Qc3 Nc6 21.
Nxa8 Bf5 22. Rad1 Rxd1 23. Rxd1 Kg7 24. Qg3 Kf7 25. Qb3+ Kg6 26. Qg3 Bxc2 27.
Rxd6 Qxa8 28. h4 h6 29. hxg5 hxg5 30. Qc3 Be4 31. Rxf6+ Kh7 32. Rf7+ Kh6 33.
Qh3+ Kg6 34. Qh7# 1-0

[Event "Brno Veletrh"]
[Site "?"]
[Date "2024.09.04"]
[Round "5"]
[White "Rampulova, Marketa"]
[Black "Cagan, Michal"]
[Result "0-1"]
[WhiteElo "1510"]
[BlackElo "1504"]
[PlyCount "104"]
[EventDate "2024.09.??"]

1. e4 d6 2. d4 Nf6 3. Nc3 g6 4. Bg5 Bg7 5. Be2 h6 6. Bxf6 Bxf6 7. Nf3 O-O 8.
Qd2 Bg7 9. O-O-O c6 10. e5 Qa5 11. Kb1 Be6 12. d5 cxd5 13. Nxd5 Qxd5 14. Qxd5
Bxd5 15. Rxd5 dxe5 16. Re1 e6 17. Rd2 Nc6 18. Bb5 Nd4 19. Nxd4 exd4 20. f4 a6
21. Bd3 Rfe8 22. Rde2 Re7 23. g4 g5 24. f5 e5 25. Re4 b5 26. Rf1 f6 27. Ree1
Bf8 28. Rh1 Rh7 29. h4 Bd6 30. hxg5 hxg5 31. Rxh7 Kxh7 32. Rh1+ Kg7 33. Kc1 Bb4
34. Rd1 Rh8 35. a3 Bc5 36. b4 Bb6 37. Kb2 Rh2 38. Kb3 Rg2 39. a4 Rxg4 40. axb5
axb5 41. Bxb5 Rf4 42. Bd7 g4 43. Ka4 g3 44. Bc6 e4 45. Rg1 Rg4 46. Kb5 Bc7 47.
Rg2 d3 48. cxd3 exd3 49. Rd2 Rd4 50. Ka6 Rxb4 51. Rxd3 Rb6+ 52. Ka7 Rxc6 0-1

[Event "Brno Veletrh"]
[Site "?"]
[Date "2024.09.05"]
[Round "6"]
[White "Marsa, Alexandr"]
[Black "Vyskocil, Neklan"]
[Result "0-1"]
[WhiteElo "1871"]
[BlackElo "2289"]
[PlyCount "84"]
[GameId "2086538382843949"]
[EventDate "2024.09.??"]

1. d4 Nf6 2. c4 e6 3. Nc3 d5 4. Bg5 Be7 5. e3 h6 6. Bh4 O-O 7. Nf3 Ne4 8. Bxe7 Qxe7 9. Qc2 Nxc3 10. Qxc3 c6 11. Bd3 Nd7 12. O-O dxc4 13. Bxc4 b6 14. Be2 c5 15. Qa3 Bb7 16. Rac1 Rfd8 17. Nd2 e5 18. Bf3 Bxf3 19. Nxf3 e4 20. Nd2 Qh4 21. g3 Qg4 22. f3 exf3 23. Nxf3 Re8 24. Rce1 Re7 25. Qd3 Rae8 26. Kg2 cxd4 27. exd4 Rxe1 28. Rxe1 Rxe1 29. Nxe1 Qe6 30. Nf3 Qxa2 31. Qc2 Qd5 32. Qc7 a5 33. Qd8+ Kh7 34. Kf2 a4 35. Ke3 b5 36. Ne5 Qb3+ 37. Nd3 Nf6 38. Kd2 Ne4+ 39. Ke2 Qc2+ 40. Ke3 f5 41. Qa5 Qxh2 42. Qxb5 Qd2+ 0-1

[Event "Brno Veletrh"]
[Site "?"]
[Date "2024.09.05"]
[Round "6"]
[White "Hajek, Oskar"]
[Black "Pavlik, Vladimir"]
[Result "1/2-1/2"]
[WhiteElo "2281"]
[BlackElo "1975"]
[PlyCount "133"]
[EventDate "2024.09.??"]

1. e4 c5 2. b3 d6 3. Bb2 Nf6 4. Nc3 g6 5. Nd5 Bg7 6. Nxf6+ Bxf6 7. Bxf6 exf6 8.
Bb5+ Bd7 9. Bxd7+ Nxd7 10. Ne2 Qe7 11. Nc3 f5 12. O-O fxe4 13. Nxe4 O-O 14. Re1
Rfe8 15. Re3 d5 16. Nc3 Qd6 17. Qe2 Nf6 {(R)} 18. Re1 Rxe3 19. fxe3 a6 20. a4
Re8 21. Qf2 Ng4 22. Qh4 h5 23. Nd1 d4 {(R)} 24. Nf2 Nxf2 25. Qxf2 dxe3 26. Rxe3
Rxe3 27. Qxe3 Qd5 28. a5 Kg7 29. c4 Qf5 30. h3 Kf6 31. d4 cxd4 32. Qxd4+ Qe5
33. Qb6+ Kg7 34. Qxb7 Qe1+ 35. Kh2 Qxa5 36. Qf3 Qe5+ 37. Qg3 Qd4 38. h4 a5 39.
Qe1 Qc5 40. g3 Qf5 41. Qc3+ Kf8 42. Kg2 Ke7 43. Qe3+ Kd6 44. Qb6+ Kd7 45. Qb7+
Kd6 46. Qb6+ Kd7 {(R)} 47. Qa7+ Kd6 48. Qb8+ Kc6 49. Qe8+ Kd6 50. Qe2 Kd7 51.
Kh2 Kc7 52. Qg2 Kb6 53. Qb2 Kc5 54. Qa3+ Kc6 55. Qa2 Kb6 56. Qd2 Kc6 57. Qe3
Qc2+ 58. Kh3 Qf5+ 59. Kg2 Qc2+ 60. Kf3 Qf5+ 61. Ke2 Qc2+ 62. Kf1 Qd1+ 63. Kg2
Qc2+ 64. Kf3 Qf5+ 65. Qf4 Qd3+ 66. Kg2 Qxb3 67. Qxf7 {(R)} 1/2-1/2

[Event "Brno Veletrh"]
[Site "?"]
[Date "2024.09.05"]
[Round "6"]
[White "Setina, Vaclav"]
[Black "Neduchal, Jiri"]
[Result "1-0"]
[WhiteElo "2021"]
[BlackElo "1866"]
[PlyCount "45"]
[EventDate "2024.09.??"]

1. d4 Nf6 2. c4 g6 3. Nf3 Bg7 4. g3 O-O 5. Bg2 d5 6. cxd5 Nxd5 7. O-O Nc6 8. e4
Nb6 9. d5 Na5 10. Nc3 Nac4 11. Qc2 e6 12. b3 Ne5 13. Nxe5 Bxe5 14. Ba3 Re8 15.
Rad1 exd5 16. Nxd5 Nxd5 17. Rxd5 Qf6 18. Rfd1 Qa6 19. Rxe5 Rxe5 20. Rd8+ Kg7
21. Bb2 f6 22. Bxe5 fxe5 23. Qxc7+ 1-0